Stratégia daňovej konkurencie členských krajín Európskej únie a úloha daní v rámci corporate compliance diplomová práca

Saved in:
Bibliographic Details
Main Author: Slezák, Juraj
Corporate Author: Obchodná fakulta EU. Katedra medzinárodného obchodu
Other Authors: Steinhauser, Dušan, 1988-
Format: Book
Language:Slovak
Published: Bratislava 2024
Tags: Add Tag
No Tags, Be the first to tag this record!

MARC

LEADER 00000nbm a2200000 4500
001 0304086
005 20250808102206.2
041 0 |a slo 
044 |a SK 
245 1 0 |a Stratégia daňovej konkurencie členských krajín Európskej únie a úloha daní v rámci corporate compliance  |b diplomová práca  |c Juraj Slezák ; školiteľ: Dušan Steinhauser 
264 1 |a Bratislava  |c 2024 
300 |a 69 s. 
100 1 |a Slezák, Juraj 
700 1 |a Steinhauser, Dušan, 1988- 
710 2 |a Obchodná fakulta EU. Katedra medzinárodného obchodu